বাংলাদেশ সেনাবাহিনীর ইতিহাস / (Record no. 831)
[ view plain ]
| 000 -LEADER | |
|---|---|
| fixed length control field | 01682nam a2200253 a 4500 |
| 001 - CONTROL NUMBER | |
| JCCL Control Number | 831 |
| 003 - CONTROL NUMBER IDENTIFIER | |
| JCCL marc code | BD-JhCC |
| 005 - DATE AND TIME OF LATEST TRANSACTION | |
| control field | 20171010164510.0 |
| 008 - FIXED-LENGTH DATA ELEMENTS--GENERAL INFORMATION | |
| fixed length control field | 171010s2015 bg a|||| |||| 000 0 mul d |
| 020 ## - INTERNATIONAL STANDARD BOOK NUMBER | |
| International Standard Book Number | 9789843392336 |
| 035 ## - SYSTEM CONTROL NUMBER | |
| system control number | (BD-JhCC) 831 |
| 040 ## - CATALOGING SOURCE | |
| Original cataloging agency | BD-JhCC |
| Modifying agency | BD-JhCC |
| 041 ## - LANGUAGE CODE | |
| Language code of Book | Bengali and English |
| 082 ## - DEWEY DECIMAL CLASSIFICATION NUMBER | |
| Classification number | 322.5095492 |
| Author mark and Year | BAN 2015 |
| 245 ## - TITLE STATEMENT | |
| Title | বাংলাদেশ সেনাবাহিনীর ইতিহাস / |
| Statement of responsibility, etc | সম্পাদক : কাজী সাজ্জাদ আলী জহির. |
| 260 ## - PUBLICATION, DISTRIBUTION, ETC. (IMPRINT) | |
| Place of publication, distribution, etc | ঢাকা : |
| Name of publisher, distributor, etc | সেনাসদর, শিক্ষা পরিদপ্তর, |
| Date of publication, distribution, etc | ২০১৫. |
| 300 ## - PHYSICAL DESCRIPTION | |
| Pagination | Volume: 1-5 ; Various pages : |
| Other physical details | illus. ; |
| Dimensions | 25 cm. |
| 504 ## - BIBLIOGRAPHY, ETC. NOTE | |
| Bibliography, etc | Includes Bibliography Reference |
| 505 ## - FORMATTED CONTENTS NOTE | |
| Formatted contents note | প্রথম খন্ড : মুক্তিযুদ্ধ ও বাংলাদেশ সেনাবাহিনী, দ্বিতীয় খন্ড : সাংগঠনিক ক্রমবিকাশ: বিভিন্ন সদর দপ্তর ও প্রশিক্ষন প্রতিষ্ঠান, তৃতীয় খন্ড : সাংগঠনিক ক্রমবিকাশ: ফাইটিং ও সার্পোটিং আর্মস/ইউনিটসমুহ, চতুর্থ খন্ড : সহায়ক ইউনিট ও স্থাপনা এবং অস্ত্র-সরঞ্জাম, পঞ্চম খন্ড : আভিযানিক কর্মকান্ড. |
| 650 ## - SUBJECT ADDED ENTRY--TOPICAL TERM | |
| Topical term or geographic name as entry element | Armed Forces |
| General subdivision | History. |
| Geographic subdivision | Bangladesh |
| 700 ## - ADDED ENTRY--PERSONAL NAME | |
| Personal name | জহির, কাজী সাজ্জাদ আলী |
| 942 ## - ADDED ENTRY ELEMENTS (KOHA) | |
| Source of classification or shelving scheme | Dewey Decimal Classification |
| Koha item type | Reference |
| Source of classification or shelving scheme | volume number | Damaged status | Not for loan | Home library | Current library | Shelving location | Date of accession | Cost, normal purchase price | Total Checkouts | Full call number | Barcode | Date last seen | Copy number | Koha item type |
|---|---|---|---|---|---|---|---|---|---|---|---|---|---|---|
| Dewey Decimal Classification | V-1 | Not For Loan | JCC Rouf Library | JCC Rouf Library | General Stacks | 10/10/2017 | 600.00 | 322.5095492 BAN 2015 | 45 | 10/10/2017 | C-1 | Books | ||
| Dewey Decimal Classification | V-2 | Not For Loan | JCC Rouf Library | JCC Rouf Library | General Stacks | 10/10/2017 | 600.00 | 322.5095492 BAN 2015 | 46 | 10/10/2017 | C-1 | Books | ||
| Dewey Decimal Classification | V-3 | Not For Loan | JCC Rouf Library | JCC Rouf Library | General Stacks | 10/10/2017 | 600.00 | 322.5095492 BAN 2015 | 47 | 10/10/2017 | C-1 | Books | ||
| Dewey Decimal Classification | V-4 | Not For Loan | JCC Rouf Library | JCC Rouf Library | General Stacks | 10/10/2017 | 600.00 | 322.5095492 BAN 2015 | 48 | 10/10/2017 | C-1 | Books | ||
| Dewey Decimal Classification | V-5 | Not For Loan | JCC Rouf Library | JCC Rouf Library | General Stacks | 10/10/2017 | 600.00 | 322.5095492 BAN 2015 | 49 | 10/10/2017 | C-1 | Books |